| 000 | 00955nac a22002897a 4500 | ||
|---|---|---|---|
| 001 | BR7100704 | ||
| 003 | BR-BrBNA | ||
| 005 | 20240105113417.0 | ||
| 008 | 230509b bl.|||m| |||| 00| 0 por d | ||
| 040 |
_aBR-BrBNA _bpor _cBiblioteca Nacional de Agricultura |
||
| 072 | _aA50; E10 | ||
| 090 | _aA50 BR7100704 | ||
| 100 | 1 | _aBiato, F.A. | |
| 100 | 1 | _aGuimaraes, E.A. de A. | |
| 100 | 1 | _aFigueiredo, M.H.P. de | |
| 110 | 1 |
_aInstituto de Planejamento Economico e Social, Brasilia, DF (Brasil) _96238 |
|
| 245 | 1 | _aPotencial de pesquisa tecnologica no Brasil [Industria] | |
| 260 | 3 |
_aBrasilia, DF (Brasil): _c1971. |
|
| 300 | _a198 p. | ||
| 490 |
_aRelatorio de Pesquisa - Instituto de Planejamento Economico e Social (Brazil) _vno. 5 _x |
||
| 500 | _aSummary (Pt); 53 tables | ||
| 650 | _aPESQUISA | ||
| 650 | _aINDUSTRIALIZACAO | ||
| 650 | _aEMPRESA INDUSTRIAL | ||
| 909 |
_a202312 _bLúcia Elande _c55 _dLúcia Elande |
||
| 942 |
_2AGRIS _n0 _cMS |
||
| 999 |
_c263561 _d263561 |
||